Beginning Software Engineering (Record no. 9574)

MARC details
000 -LEADER
fixed length control field 00525nam a22001937a 4500
003 - CONTROL NUMBER IDENTIFIER
control field OSt
005 - DATE AND TIME OF LATEST TRANSACTION
control field 20251015155117.0
008 - FIXED-LENGTH DATA ELEMENTS--GENERAL INFORMATION
fixed length control field 251015b |||||||| |||| 00| 0 eng d
020 ## - INTERNATIONAL STANDARD BOOK NUMBER
International Standard Book Number 9788126555376
040 ## - CATALOGING SOURCE
Transcribing agency DDC
082 ## - DEWEY DECIMAL CLASSIFICATION NUMBER
Classification number 620 STE 2015
100 ## - MAIN ENTRY--PERSONAL NAME
Personal name Stephens, Rod
9 (RLIN) 19479
245 ## - TITLE STATEMENT
Title Beginning Software Engineering
260 ## - PUBLICATION, DISTRIBUTION, ETC. (IMPRINT)
Place of publication, distribution, etc. Indianapolis;
Name of publisher, distributor, etc. John wiley,
Date of publication, distribution, etc. 2015
300 ## - PHYSICAL DESCRIPTION
Extent xxix,447p.;Ill: 24cm
504 ## - BIBLIOGRAPHY, ETC. NOTE
Bibliography, etc Appendix, glossary, & index included
650 ## - SUBJECT ADDED ENTRY--TOPICAL TERM
Topical term or geographic name as entry element Software engineering
9 (RLIN) 565
942 ## - ADDED ENTRY ELEMENTS (KOHA)
Source of classification or shelving scheme Dewey Decimal Classification
Koha item type Open Shelf
Holdings
Withdrawn status Lost status Source of classification or shelving scheme Damaged status Not for loan Home library Current library Date acquired Source of acquisition Inventory number Total Checkouts Full call number Barcode Date last seen Koha item type
    Dewey Decimal Classification     Main Kihumuro Campus Main Kihumuro Campus 15/10/2025 Purchase 25/42412   620 STE 2015 2025-0136 15/10/2025 Open Shelf
    Dewey Decimal Classification     Main Kihumuro Campus Main Kihumuro Campus 15/10/2025 Purchase 25/42413   620 STE 2015 2025-0137 15/10/2025 Open Shelf